| 000 | 00416nam a2200145 a 4500 | ||
|---|---|---|---|
| 001 | 5562 | ||
| 003 | CDMR | ||
| 005 | 20130412132958.0 | ||
| 008 | 130130s1995||||||||||||||||||||||||||||d | ||
| 040 |
_aCDMR _bcat _cCDMR |
||
| 245 | 0 |
_aSituación 1995 _b: la indústria de la comunicación |
|
| 260 |
_aBilbao _c1995 _bServicio de Estudios del Banco Bilbao Vizcaya |
||
| 650 | 0 | 4 |
_93092 _aIndústria audiovisual |
| 942 |
_cMON _2udc |
||
| 999 |
_c5562 _d5562 |
||